Utah Jazz Playoffs Starters - Statistics

General Stats
  • This quiz has been taken 237 times
    203 since last reset
  • The average score is 18 of 51
Answer Stats
Player % Correct
Donovan Mitchell
98%
Rudy Gobert
95%
John Stockton
92%
Karl Malone
92%
Jeff Malone
91%
Mike Conley
82%
Deron Williams
72%
Jeff Hornacek
65%
Mark Eaton
63%
Joe Ingles
62%
Carlos Boozer
61%
Andrei Kirilenko
59%
Gordon Hayward
59%
Ricky Rubio
56%
Bojan Bogdanović
55%
Adrian Dantley
50%
Derrick Favors
47%
Byron Russell
44%
Paul Millsap
44%
Royce O'Neale
44%
Greg Ostertag
42%
Mehmet Okur
40%
Rickey Green
34%
Al Jefferson
31%
Devin Harris
26%
George Hill
26%
Darrell Griffith
25%
Jae Crowder
22%
Thurl Bailey
20%
Greg Foster
18%
Derek Fisher
14%
Ronnie Brewer
14%
Wesley Matthews
14%
Felton Spencer
12%
Chris Morris
11%
Olden Polynice
11%
David Benoit
10%
Matt Harpring
10%
Tyrone Corbin
10%
Donyell Marshall
9%
Blue Edwards
8%
Bob Hansen
8%
Boris Diaw
8%
James Donaldson
8%
Jarron Collins
8%
Josh Howard
8%
C.J. Miles
7%
Calbert Cheaney
5%
Kelly Tripucka
5%
Marc Iavaroni
5%
Kyrylo Fesenko
4%
No matching quizzes found
Score Distribution
Percent of People with Each Score
Percentile by Number Answered
Your Score History
You have not taken this quiz since the last reset